| 000 | 00707cam a22002294a 4500 | ||
|---|---|---|---|
| 005 | 20250605163941.0 | ||
| 008 | 250528s ||||||||||||||||||||||||d | ||
| 035 | _a15012 | ||
| 020 | _a70531900 | ||
| 040 |
_aGR-AtMCL _bgre _dGR-AtMCL _eAACR2 |
||
| 245 | 1 | _aIntroduction to Data Processing / Second Edition | |
| 250 | _a2nd | ||
| 260 |
_bMcgraw Hill Book Company, _c1977 |
||
| 300 | _a348 | ||
| 520 | _aConcepts of Data Processing, Computers and Business, Systems and Procedures, Preparation for a Career in Data Processing, Glossary, Index. | ||
| 700 | 1 |
_aHall Marie-Alix _9840 |
|
| 700 | 1 |
_aMuscat Eugene _9841 |
|
| 700 | 1 |
_aRobichaud Beryl _9842 |
|
| 942 | _cBK | ||
| 999 |
_c617 _d617 |
||